| 000 | 00652nam a2200193 i 4500 | ||
|---|---|---|---|
| 001 | 86822 | ||
| 003 | ES-MaACL | ||
| 005 | 20250208063126.0 | ||
| 007 | t| | ||
| 008 | 041215s1909 fr ||||1| fre d | ||
| 100 | 1 |
_aKipling, Rudyard, _d1865-1936 _968087 |
|
| 245 | 1 | 0 |
_aCapitaines courageux _b: une histoire du Bane de Terre : neuve / _cRudyard Kipling ; traduction de L. Fabulet et Ch. Fonntaine Walker. |
| 260 |
_aParis : _bHachette et Cie, _c1909. |
||
| 300 |
_a222 p., 14 lám. ; _c30 cm. |
||
| 700 | 1 |
_aFabulet, Louis. _948585 |
|
| 700 | 1 |
_aWalker, Ch. Fontaine. _9115923 |
|
| 852 |
_aES-MaACL _jG-6343 |
||
| 999 |
_c86822 _d86822 |
||